[Event "IECC CL6-2010.12 email"]
[Site "IECC email"]
[Date "2010.10.21"]
[Round "?"]
[White "Cook, Phil"]
[Black "Ghikas, Athanassios"]
[Result "1-0"]
[WhiteElo "1321"]
[BlackElo "1244"]
[PlyCount "55"]
[EventDate "2010.??.??"]
[EventType "tourn (corr)"]
[EventRounds "4"]
[SourceTitle "Telechess CBM 145"]
[Source "Chessbase"]
[SourceDate "2011.11.11"]
[SourceVersion "1"]
[SourceVersionDate "2011.11.11"]
[SourceQuality "1"]
[WhiteTeam "New Zealand"]
[BlackTeam "Greece"]
[WhiteTeamCountry "NZL"]
[BlackTeamCountry "GRE"]

1. d4 d5 2. Nf3 Bf5 3. e3 Nf6 4. Be2 Qd6 5. 0-0 Nc6 6. Nc3 e6 7. Nb5 Qd7 8. Ne5 Nxe5 9. dxe5 Ne4 10. f3 Nc5 11. c4 c6 12. Nd4 Bg6 13. b4 Na6 14. b5 Nc7 15. bxc6 bxc6 16. Qa4 c5 17. Qxd7+ Kxd7 18. Nb3 Be7 19. Ba3 Kc6 20. Rac1 dxc4 21. Rxc4 Nd5 22. Bxc5 Bxc5 23. Rxc5+ Kd7 24. e4 Nc7 25. Rd1+ Kc8 26. Ba6+ Kb8 27. Rdc1 Rd8 28. Na5 1-0

[Event "IECC CL6-2010.12 email"]
[Site "IECC email"]
[Date "2010.10.21"]
[Round "?"]
[White "Eguchi, Koichi"]
[Black "Ghikas, Athanassios"]
[Result "1/2-1/2"]
[WhiteElo "1235"]
[BlackElo "1230"]
[PlyCount "102"]
[EventDate "2010.??.??"]
[EventType "tourn (corr)"]
[EventRounds "4"]
[SourceTitle "Telechess CBM 149"]
[Source "ChessBase"]
[SourceDate "2012.07.17"]
[SourceVersion "1"]
[SourceVersionDate "2012.07.17"]
[SourceQuality "1"]
[WhiteTeam "Japan"]
[BlackTeam "Greece"]
[WhiteTeamCountry "JPN"]
[BlackTeamCountry "GRE"]

1. e4 c5 2. f4 e5 3. Nf3 exf4 4. Bc4 d6 5. 0-0 h6 6. d3 g5 7. Bd2 Bg7 8. Bc3 Nf6 9. e5 Ng4 10. e6 f6 11. Re1 Ne3 12. Qe2 d5 13. Bb5+ Ke7 14. d4 a6 15. Bd7 Bxd7 16. exd7 Nxd7 17. dxc5 Nxc5 18. Nbd2 Kf7 19. Bd4 Re8 20. Bxc5 Nxc2 21. Qxe8+ Qxe8 22. Rxe8 Rxe8 23. Rc1 Ne3 24. Nd4 f5 25. Nf1 Rc8 26. Nb3 Bxb2 27. Re1 d4 28. Bxd4 Bxd4 29. Nxd4 Nxf1 30. Rxf1 Kf6 31. g3 Rc4 32. Ne2 Ra4 33. Nc3 Rd4 34. gxf4 gxf4 35. Ne2 Rd2 36. Nxf4 Rxa2 37. Nd3 b5 38. Rc1 Kg5 39. Rc6 a5 40. Rc5 Ra1+ 41. Kg2 Ra3 42. Ne5 b4 43. Nc6 Rc3 44. Rxc3 bxc3 45. Nxa5 Kf4 46. Kf2 Ke4 47. Ke2 f4 48. Nb3 f3+ 49. Kf2 c2 50. h4 h5 51. Nc1 Kf4 1/2-1/2

[Event "IECC CL6-2010.12 email"]
[Site "IECC email"]
[Date "2010.10.21"]
[Round "?"]
[White "Ghikas, Athanassios"]
[Black "D'Aragona, Vittoria"]
[Result "1/2-1/2"]
[WhiteElo "1222"]
[BlackElo "1441"]
[PlyCount "38"]
[EventDate "2010.??.??"]
[EventType "tourn (corr)"]
[EventRounds "4"]
[SourceTitle "Telechess CBM 149"]
[Source "ChessBase"]
[SourceDate "2012.07.17"]
[SourceVersion "1"]
[SourceVersionDate "2012.07.17"]
[SourceQuality "1"]
[WhiteTeam "Greece"]
[BlackTeam "Italy"]
[WhiteTeamCountry "GRE"]
[BlackTeamCountry "ITA"]

1. c4 Nf6 2. d4 e6 3. Nc3 Bb4 4. Qc2 0-0 5. Nf3 d5 6. a3 Bxc3+ 7. Qxc3 Ne4 8. Qc2 Nc6 9. e3 f5 10. cxd5 Qxd5 11. Bc4 Qa5+ 12. Nd2 Nd6 13. b4 Nxb4 14. Qb3 Nxc4 15. Nxc4 Nc2+ 16. Ke2 Nxa1 17. Nxa5 Nxb3 18. Nxb3 b6 19. f3 Ba6+ 1/2-1/2

[Event "IECC CL6-2009.24 email"]
[Site "IECC email"]
[Date "2009.09.28"]
[Round "?"]
[White "Ghikas, Athanassios"]
[Black "Kawagoe, Toshiji"]
[Result "0-1"]
[WhiteElo "1263"]
[BlackElo "1307"]
[PlyCount "68"]
[EventDate "2009.??.??"]
[EventType "tourn (corr)"]
[EventRounds "4"]
[SourceTitle "Telechess CBM 137"]
[Source "ChessBase"]
[SourceDate "2010.07.15"]
[SourceVersion "1"]
[SourceVersionDate "2010.07.15"]
[SourceQuality "1"]
[WhiteTeam "Greece"]
[BlackTeam "Japan"]
[WhiteTeamCountry "GRE"]
[BlackTeamCountry "JPN"]

1. d4 e6 2. Nf3 Nf6 3. Bg5 c5 4. e3 cxd4 5. exd4 Be7 6. Bd3 b6 7. h4 Bb7 8. Nbd2 d6 9. Qe2 Nbd7 10. 0-0-0 0-0 11. Rde1 h6 12. Bf4 Nd5 13. Bg3 Nb4 14. a3 Nxd3+ 15. Qxd3 Re8 16. c3 Rc8 17. Re2 Nf8 18. Rhe1 Bf6 19. Ne4 Bxe4 20. Qxe4 Rc7 21. Bh2 Ng6 22. g3 e5 23. h5 Bg5+ 24. Kb1 Nf8 25. dxe5 Rce7 26. g4 dxe5 27. Nxe5 f6 28. Qc4+ Kh7 29. Nc6 Rxe2 30. Nxd8 Rxe1+ 31. Ka2 Rxd8 32. f4 Bh4 33. f5 Rd2 34. Bf4 Rg2 0-1

[Event "IECC KO-2100"]
[Site "IECC email"]
[Date "2008.06.16"]
[Round "?"]
[White "Hurley, Karen Jean"]
[Black "Ghikas, Athanassios"]
[Result "0-1"]
[WhiteElo "1422"]
[BlackElo "1251"]
[PlyCount "84"]
[EventDate "2008.??.??"]
[EventType "match (corr)"]
[EventRounds "2"]
[SourceTitle "Corr 2011"]
[Source "ChessBase"]
[SourceDate "2010.08.31"]
[SourceVersion "1"]
[SourceVersionDate "2010.08.31"]
[SourceQuality "1"]
[WhiteTeam "England"]
[BlackTeam "Greece"]
[WhiteTeamCountry "ENG"]
[BlackTeamCountry "GRE"]

1. e4 c5 2. Nf3 Nc6 3. Nc3 g6 4. b3 Bg7 5. Bb2 d6 6. Bb5 Bd7 7. h3 e6 8. 0-0 Nge7 9. Na4 Nd4 10. Bxd7+ Qxd7 11. Nxd4 cxd4 12. Bc1 Rc8 13. Nb2 Qc6 14. d3 Qc3 15. Rb1 b5 16. Bd2 Qxc2 17. Qxc2 Rxc2 18. Bf4 e5 19. Bg3 0-0 20. Bh4 f6 21. f3 g5 22. Bg3 d5 23. h4 Bh6 24. a4 gxh4 25. Bxh4 Ng6 26. Bg3 bxa4 27. Nxa4 Bf4 28. Bf2 dxe4 29. fxe4 f5 30. exf5 Rxf5 31. b4 h5 32. b5 h4 33. b6 axb6 34. Nxb6 Kf7 35. Nd5 Ke6 36. Nb4 Bh2+ 37. Kxh2 Rcxf2 38. Rxf2 Rxf2 39. Kh3 Nf4+ 40. Kxh4 Rxg2 41. Rd1 Kf5 42. Rf1 Rg4# 0-1

[Event "IECC CL6-2007.15 email"]
[Site "IECC email"]
[Date "2007.11.14"]
[Round "?"]
[White "Ghikas, Athanassios"]
[Black "Alessandrini, Alfredo"]
[Result "0-1"]
[WhiteElo "1216"]
[BlackElo "1249"]
[PlyCount "76"]
[EventDate "2007.??.??"]
[EventType "tourn (corr)"]
[EventRounds "4"]
[SourceTitle "Corr 2011"]
[Source "ChessBase"]
[SourceDate "2010.08.31"]
[SourceVersion "1"]
[SourceVersionDate "2010.08.31"]
[SourceQuality "1"]
[WhiteTeam "Italy"]
[BlackTeam "Chile"]
[WhiteTeamCountry "ITA"]
[BlackTeamCountry "CHI"]

1. d4 d5 2. Nc3 Nf6 3. Bf4 Bf5 4. Be5 Nbd7 5. Bxf6 Nxf6 6. Qd2 Ne4 7. Nxe4 Bxe4 8. f3 Bg6 9. g3 e6 10. e3 c6 11. Ne2 Qb6 12. c3 c5 13. Nf4 cxd4 14. exd4 Bd6 15. Nxg6 hxg6 16. f4 g5 17. Bg2 gxf4 18. gxf4 Qc7 19. Qe2 Bxf4 20. Bxd5 0-0-0 21. Bf3 Bg3+ 22. Kd2 Bf4+ 23. Kc2 Rxd4 24. Bxb7+ Kxb7 25. Qf3+ Kb8 26. Rag1 Rd2+ 27. Kb1 Rhxh2 28. Rxh2 Rxh2 29. Rxg7 Rh8 30. Rg4 Be5 31. Rb4+ Kc8 32. b3 Kd8 33. Qa8+ Qc8 34. Qxa7 Rh1+ 35. Kb2 Qxc3+ 36. Ka3 Qb2+ 37. Ka4 Qxa2+ 38. Kb5 Qxa7 0-1

[Event "IECC CL6-2006.05 email"]
[Site "IECC email"]
[Date "2006.04.10"]
[Round "?"]
[White "Ghikas, Athanassios"]
[Black "Alessandrini, Alfredo"]
[Result "1-0"]
[WhiteElo "1209"]
[BlackElo "1346"]
[PlyCount "37"]
[EventDate "2006.??.??"]
[EventType "tourn (corr)"]
[EventRounds "4"]
[SourceTitle "Corr 2020"]
[Source "ChessBase"]
[SourceDate "2019.09.30"]
[SourceVersion "1"]
[SourceVersionDate "2019.09.30"]
[SourceQuality "1"]
[WhiteTeam "Greece"]
[BlackTeam "Italy"]
[WhiteTeamCountry "GRE"]
[BlackTeamCountry "ITA"]

1. d4 d5 2. g3 Nf6 3. Bg2 g6 4. Nc3 Bg7 5. Bg5 Nc6 6. Qd2 0-0 7. 0-0-0 Ng4 8. e3 h6 9. h3 hxg5 10. hxg4 Bxg4 11. Nf3 e6 12. Rde1 Bh5 13. Nh2 f5 14. f3 Bf6 15. g4 fxg4 16. fxg4 Bxg4 17. Nxg4 Kf7 18. Ref1 e5 19. Nxf6 1-0

[Event "IECC CL6-2005.19 email"]
[Site "IECC email"]
[Date "2005.11.28"]
[Round "?"]
[White "Ghikas, Athanassios"]
[Black "Marques, Joao"]
[Result "0-1"]
[WhiteElo "1238"]
[BlackElo "1327"]
[PlyCount "74"]
[EventDate "2005.??.??"]
[EventType "tourn (corr)"]
[EventRounds "4"]
[SourceTitle "Corr 2020"]
[Source "ChessBase"]
[SourceDate "2019.09.30"]
[SourceVersion "1"]
[SourceVersionDate "2019.09.30"]
[SourceQuality "1"]
[WhiteTeam "Greece"]
[BlackTeam "Brazil"]
[WhiteTeamCountry "GRE"]
[BlackTeamCountry "BRA"]

1. c4 e5 2. d4 d6 3. dxe5 dxe5 4. Qxd8+ Kxd8 5. e4 c6 6. Nf3 f6 7. Bd3 Na6 8. 0-0 Be6 9. Rd1 Kc7 10. a3 Nc5 11. Be3 Nxd3 12. Rxd3 Bxc4 13. Rc3 Be6 14. b4 Rd8 15. Nbd2 a6 16. Nc4 Bxc4 17. Rxc4 g6 18. g3 Nh6 19. h3 Nf7 20. Rc3 Rd7 21. Nd2 Bh6 22. Bxh6 Nxh6 23. Nc4 Rhd8 24. Kg2 Nf7 25. f3 Nd6 26. Nb2 Nb5 27. Rb3 Rd2+ 28. Kf1 Nd4 29. Rd3 Rxb2 30. f4 Rb3 31. Rxb3 Nxb3 32. Re1 Rd3 33. fxe5 fxe5 34. Kf2 Nd4 35. Re3 Rxe3 36. Kxe3 Nc2+ 37. Kd3 Nxa3 0-1

[Event "IECC M-5288"]
[Site "IECC email"]
[Date "2005.07.28"]
[Round "?"]
[White "Popp, Tony"]
[Black "Ghikas, Athanassios"]
[Result "1/2-1/2"]
[WhiteElo "1389"]
[BlackElo "1278"]
[PlyCount "77"]
[EventDate "2005.??.??"]
[EventType "tourn (corr)"]
[EventRounds "10"]
[SourceTitle "Corr 2008"]
[Source "ChessBase"]
[SourceDate "2008.06.24"]
[SourceVersion "1"]
[SourceVersionDate "2008.06.24"]
[SourceQuality "1"]

1. a3 g6 2. g4 d5 3. h3 f5 4. gxf5 Bxf5 5. Nf3 Bg7 6. d4 Qd6 7. Bg2 Nc6 8. Nc3 a6 9. Bg5 Nf6 10. Qd2 Ne4 11. Nxe4 Bxe4 12. Bf4 e5 13. dxe5 Nxe5 14. c3 h6 15. Bg3 0-0-0 16. Nh4 g5 17. Bxe4 gxh4 18. Bf5+ Kb8 19. Bxh4 Bf6 20. Bg3 Bg5 21. Qd4 Rde8 22. h4 Nf3+ 23. Kf1 Qxg3 24. fxg3 Nxd4 25. cxd4 Rhf8 26. g4 Be3 27. Rd1 Re4 28. Kg2 Rxd4 29. Rxd4 Bxd4 30. b3 Re8 31. Bd3 c5 32. a4 Rg8 33. Kh3 Kc7 34. Rf1 Kc6 35. Rf5 Kd6 36. Rxd5+ Kxd5 37. Bc4+ Ke4 38. Bxg8 Be3 39. Bc4 1/2-1/2

[Event "IECC CL6-2004.08 email"]
[Site "IECC email"]
[Date "2004.03.26"]
[Round "?"]
[White "Ghikas, Athanassios"]
[Black "Ali, Ahmed"]
[Result "0-1"]
[WhiteElo "1358"]
[BlackElo "1208"]
[PlyCount "42"]
[EventDate "2004.??.??"]
[EventType "tourn (corr)"]
[EventRounds "4"]
[SourceTitle "Corr 2008"]
[Source "ChessBase"]
[SourceDate "2008.06.24"]
[SourceVersion "1"]
[SourceVersionDate "2008.06.24"]
[SourceQuality "1"]

1. e4 e5 2. c4 c5 3. d3 Nc6 4. Be3 d6 5. a3 f5 6. Nc3 Nf6 7. g3 Be7 8. Bg2 0-0 9. Qa4 Nd4 10. Bxd4 Bd7 11. Qb3 exd4 12. Nce2 Qa5+ 13. Qb4 cxb4 14. Nxd4 bxa3+ 15. Ke2 Qb6 16. Ngf3 Qxb2+ 17. Nd2 Qxd4 18. Rxa3 fxe4 19. Rb1 Ng4 20. Bxe4 Qxf2+ 21. Kd1 Ne3+ 0-1

[Event "IECC CL5-2004.04 email"]
[Site "IECC email"]
[Date "2004.02.04"]
[Round "?"]
[White "Avant, Thomas"]
[Black "Ghikas, Athanassios"]
[Result "1-0"]
[WhiteElo "1596"]
[BlackElo "1445"]
[PlyCount "33"]
[EventDate "2004.??.??"]
[EventType "tourn (corr)"]
[EventRounds "4"]
[SourceTitle "Corr 2008"]
[Source "ChessBase"]
[SourceDate "2008.06.24"]
[SourceVersion "1"]
[SourceVersionDate "2008.06.24"]
[SourceQuality "1"]

1. e4 d6 2. Nc3 Nf6 3. d4 Nc6 4. d5 Ne5 5. f4 Ng6 6. Nf3 e6 7. dxe6 fxe6 8. e5 Nd7 9. Ng5 Nb6 10. Qh5 dxe5 11. Bd3 Qf6 12. fxe5 Qxe5+ 13. Ne2 Bb4+ 14. c3 Ke7 15. cxb4 Bd7 16. 0-0 Kd6 17. Nf7+ 1-0